FUNDAMENTALS OF MECHANICAL ENGINEERING

Bibliographic Details
Main Authors: Norashady Mohd Noor (Author), Mohd Asmedi Yaacob (Author), Zahiran Hamzah (Author)
Format: Book
Language:English
Published: Bangi, Selangor : Pelangi Professional Publishing Sdn. Bhd. 2017
Series:Pelangi engineering series
Subjects:

MARC

LEADER 00000cam a2200000 7i4500
001 0000128867
005 20181115.0
008 181115t20172015my e 000 0 eng
020 |a 9789670849454 
040 |a PERPUSTAM   |b eng   |c PERPUSTAM   |e rda 
090 0 0 |a 621.8076   |b NOR 
100 0 |a Norashady Mohd Noor ,   |e author 
245 1 0 |a FUNDAMENTALS OF MECHANICAL ENGINEERING   |c NORASHADY BIN MOHD NOOR, ZAHIRAN BIN HAMZAH, MOHD ASMEDI BIN YAACOB 
264 1 |a Bangi, Selangor :   |b Pelangi Professional Publishing Sdn. Bhd.   |c 2017 
300 |a 296 pages ;   |c 26 cm. 
336 |a text, rdacontent 
337 |a unmediated  |2 rdamedia 
338 |a volume  |2 rdacarrier 
490 1 |a PELANGI ENGINEERING SERIES 
650 1 0 |a Mechanical engineering   |v Problems, exercises, etc. 
700 0 |a Mohd Asmedi Yaacob ,   |e author 
700 0 |a Zahiran Hamzah ,   |e author 
830 0 |a Pelangi engineering series 
999 |a 0000526093   |b Buku   |c Rak Terbuka   |e Perbadanan Perpustakaan Awam Melaka 
999 |a 0000526094   |b Buku   |c Rak Terbuka   |e Perpustakaan Cawangan Jasin 
999 |a 0000526095   |b Buku   |c Rak Terbuka   |e Perpustakaan Cawangan Masjid Tanah 
999 |a 0000526096   |b Buku   |c Rak Terbuka   |e Perpustakaan Cawangan Merlimau 
999 |a 0000526097   |b Buku   |c Rak Terbuka   |e Perbadanan Perpustakaan Awam Melaka 
999 |a 0000526098   |b Buku   |c Rak Terbuka   |e Perbadanan Perpustakaan Awam Melaka 
999 |a 0000526099   |b Buku   |c Rak Terbuka   |e Perbadanan Perpustakaan Awam Melaka 
999 |a 0000526100   |b Buku   |c Rak Terbuka   |e Perbadanan Perpustakaan Awam Melaka 
999 |a 0000526101   |b Buku   |c Rak Terbuka   |e Perpustakaan Komuniti UTC Melaka